000 00294nam a22001337a 4500
008 260331b ||||| |||| 00| 0 eng d
020 _a9951867219
041 _aShqip
080 _a791.43
100 _a25
101 _aekrani
245 _aMagjia e Ekranit
_cGani Mehmetaj
942 _2udc
_cBK
999 _c60956
_d60956